Výpočet prostě uložených plnostěnných spřažených ocelobetonových nosníků na účinky smršťování betonu

Bibliographic Details
Main Authors: Partov, Dončo Naum (Author), Černogorov, Venelin Georgiev (Author)
Format: Article
Language:Slovak
Czech
PhysicalDescription:Obr. 1. Tb. 2. Res. rus., angl.
Subjects:

MARC

LEADER 00000nab a2200000 a 4500
001 vtls000109048
003 SK-MaSNL
005 20260304052403.0
008 250422c1982 xo 0 slo
015 |a SNBRB19rr/mm-uuuuu 
035 |a CL0119151 
035 |a (urnnbn)urn:nbn:sk:snk:ar-006jjl 
035 |a (uuid)a502396d-0af4-4811-bfd0-a53fa3766187 
035 |a urn:nbn:sk:snk-ab867o 
040 |a SNKBUCL  |b slo  |c SNKBUCL  |e AACR2 
041 0 |a cze 
044 |a xo  |c SK 
080 |a 624  |2 1981 
080 |a 66  |2 1981 
080 |a 517  |2 1981 
100 1 |a Partov, Dončo Naum  |4 aut  |9 1335553 
245 1 0 |a Výpočet prostě uložených plnostěnných spřažených ocelobetonových nosníků na účinky smršťování betonu  |c Dončo Naum Partov, Venelin Georgiev Černogorov 
300 |b Obr. 1. Tb. 2. Res. rus., angl. 
650 0 7 |a nosníky oceľobetónové  |2 snkbucl  |9 991811 
655 7 |a články z novín a časopisov  |2 snkbucl  |9 267496 
700 1 |a Černogorov, Venelin Georgiev  |4 aut  |9 1335554 
773 0 |t Stavebnícky časopis  |g Roč. 30, č. 2 (1982), s. 153-158 
850 |a Slovenská národná knižnica 
852 |a Slovenská národná knižnica 
958 |a article9 
958 |a OND 
958 |a RK 
958 |a CZ 
958 |a BG 
958 |a EUIPO 
992 |a RBX 
999 |c 2707996  |d 2709926